Plan Director del Palacio Real de Valladolid (Record no. 193093)

MARC details
000 -LEADER
campo de control de longitud fija 01502nam a2200373 i 4500
001 - NÚMERO DE CONTROL
campo de control 193093
003 - IDENTIFICADOR DE NÚMERO DE CONTROL
campo de control ES-VlRAB
005 - FECHA Y HORA DE LA ÚLTIMA TRANSACCIÓN
campo de control 20240708063024.0
007 - CAMPO FIJO DE DESCRIPCIÓN FÍSICA--INFORMACIÓN GENERAL
campo de control de longitud fija ta
008 - DATOS DE LONGITUD FIJA--INFORMACIÓN GENERAL
campo de control de longitud fija 230727s2002 sp 000 0 spa d
017 ## - NÚMERO DE COPYRIGHT O DE DEPÓSITO LEGAL
Número de copyright o de depósito legal S 1174-2002
020 ## - NÚMERO INTERNACIONAL ESTÁNDAR DEL LIBRO
Número Internacional Estándar del Libro 8478522115
035 ## - NÚMERO DE CONTROL DEL SISTEMA
Número de control de sistema CCBIP06776756
040 ## - FUENTE DE CATALOGACIÓN
Centro catalogador/agencia de origen VA-BCL,
Lengua de catalogación spa
Centro/agencia transcriptor ES-MaACL
080 ## - NÚMERO DE LA CLASIFICACIÓN DECIMAL UNIVERSAL
Número de la Clasificación Decimal Universal 725.17(460.185 V.)
100 1# - ENTRADA PRINCIPAL--NOMBRE DE PERSONA
Nombre de persona Altés Bustelo, José.
9 (RLIN) 233933
245 10 - MENCIÓN DEL TÍTULO
Título Plan Director del Palacio Real de Valladolid
Resto del título : avance /
Mención de responsabilidad, etc. autores, José Altés Bustelo, Javier Rivera Blanco, Javier Pérez Gil.
260 ## - PUBLICACIÓN, DISTRIBUCIÓN, ETC.
Lugar de publicación, distribución, etc. [Valladolid] :
Nombre del editor, distribuidor, etc. Editora Provincial, Diputación Provincial de Valladolid,
Fecha de publicación, distribución, etc. [2002]
300 ## - DESCRIPCIÓN FÍSICA
Extensión 129 p. :
Otras características físicas il. ;
Dimensiones 21x21 cm.
336 ## - TIPO DE CONTENIDO
Fuente rdacontent
Término de tipo de contenido Texto
337 ## - TIPO DE MEDIO
Fuente rdamedia
Nombre/término del tipo de medio sin mediación
338 ## - TIPO DE SOPORTE
Fuente rdacarrier
Nombre/término del tipo de soporte volumen
500 ## - NOTA GENERAL
Nota general Catalogación provisional. Signatura: N 8575. Depósito J.
610 24 - PUNTO DE ACCESO ADICIONAL DE MATERIA--NOMBRE DE ENTIDAD CORPORATIVA
Nombre de entidad corporativa o nombre de jurisdicción como elemento de entrada Palacio Real (Valladolid)
9 (RLIN) 233934
700 0# - ENTRADA AGREGADA--NOMBRE PERSONAL
Nombre de persona Rivera Blanco, José Javier,
Fechas asociadas al nombre 1954-
9 (RLIN) 97637
700 1# - ENTRADA AGREGADA--NOMBRE PERSONAL
Nombre de persona Pérez Gil, Javier,
Fechas asociadas al nombre 1977-
9 (RLIN) 233935
710 0# - ENTRADA AGREGADA--NOMBRE DE ENTIDAD CORPORATIVA
Nombre de entidad corporativa o nombre de jurisdicción como elemento de entrada Valladolid (Provincia).
Unidad subordinada Diputación
9 (RLIN) 7542
852 ## - LOCALIZACIÓN
Ubicación ES-MaACL
itemnumber 200401
Sublocalización o colección R.153110
Número de control de estantería N-8575
Ubicación en estantería Depósito J
Donativo/Legado Donación: Editora Provincial. Excma. Diputación Provincial de Valladolid
Nota libre En proceso
942 ## - ELEMENTOS DE ENTRADA SECUNDARIOS (KOHA)
Suprimir en OPAC No
Tipo de ítem Koha Libro impreso
Holdings
Estatus retirado Estado de pérdida Fuente del sistema de clasificación o colocación Estado de daño No para préstamo Biblioteca de origen Biblioteca actual Ubicación en estantería Fecha de adquisición Fuente de adquisición Total de préstamos Signatura topográfica completa Código de barras Visto por última vez Precio de reemplazo Tipo de ítem Koha
    Clasificación decimal universal     Biblioteca del Ateneo de Madrid Biblioteca del Ateneo de Madrid Depósito J 21/06/2021 Donación   N-8575 101205694 27/07/2023 27/07/2023 Libro impreso